Devine le joueur de football selon ses clubs #16 - Statistiques

Statistiques générales
  • Ce quiz a été pris 281 fois
  • Le résultat moyen est 5 sur 8
Statistiques - réponses
1er club 2ème club 3ème club Joueur % Correct
PSG Juventus Bayern Kinglsey Coman
89%
Willem II Ajax Amsterdam FC Barcelone Frenkie De Jong
82%
Aston Villa Notts Country (prêt) Manchester City Jack Grealish
79%
Vancouver Whitecaps 2 Vancouver Whitecaps Bayern Munich Alphonso Davies
76%
PSG RC Lens Rennes Arnaud Kalimuendo
51%
Barnsley FC Everton FC Manchester City John Stones
45%
Cagliari Calcio Calcio Côme (prêt) Inter Milan Nicolo Barella
41%
CD Baskonia Bilbao Athletic Athletic Club Unai Simon
11%
Aucun quiz correspondant
Distribution des résultats
% des personnes avec chaque résultat
Percentile par nombre de réponses
Votre historique - résultats
Vous n’avez pas pris ce quiz